Normal view
MARC view
- نوي، فطيمة الزهرة
Entry Personal Name
001 - CONTROL NUMBER
- control field: 64883
003 - CONTROL NUMBER IDENTIFIER
- control field: JO-AjAnu
005 - DATE AND TIME OF LATEST TRANSACTION
- control field: 20231211092810.0
008 - FIXED-LENGTH DATA ELEMENTS
- fixed length control field: 231211|| aca||aabn | a|a d
040 ## - CATALOGING SOURCE
- Original cataloging agency: JO-AjAnu
100 ## - HEADING--PERSONAL NAME
- Linkage: نوي، فطيمة الزهرة
- Personal name: نوي، فطيمة الزهرة